| 000 | 01485cam a2200385 i 4500 | ||
|---|---|---|---|
| 999 |
_c535201 _d535201 |
||
| 001 | 20392072 | ||
| 003 | NUST | ||
| 005 | 20200831130524.0 | ||
| 008 | 180309s2018 mdu b 001 0 eng | ||
| 010 | _a 2018010832 | ||
| 020 | _a9781598889826 (pbk. : alk. paper) | ||
| 020 | _z9781598889833 (electronic) | ||
| 038 | _aMSOHAIL | ||
| 040 |
_aDLC _beng _cDLC _erda _dDLC |
||
| 042 | _apcc | ||
| 043 | _an-us--- | ||
| 050 | 0 | 0 |
_aT55 _b.F75 2018 |
| 082 | 0 | 0 |
_a363.110973 _223 _bMAR |
| 100 | 1 |
_aFriend, Mark A., _eauthor. _929644 |
|
| 245 | 1 | 0 |
_aFundamentals of occupational safety and health / _cMark A. Friend and James P. Kohn. |
| 250 | _aSeventh edition. | ||
| 264 | 1 |
_aLanham : _bBernan Press, _c[2018] |
|
| 300 |
_axxx, 585 pages ; _c23 cm |
||
| 336 |
_atext _btxt _2rdacontent |
||
| 337 |
_aunmediated _bn _2rdamedia |
||
| 338 |
_avolume _bnc _2rdacarrier |
||
| 504 | _aIncludes bibliographical references and index. | ||
| 650 | 0 |
_aIndustrial safety _zUnited States. _929645 |
|
| 650 | 0 |
_aIndustrial hygiene _zUnited States. _929646 |
|
| 700 | 1 |
_aKohn, James P., _eauthor. _929647 |
|
| 776 | 0 | 8 |
_iOnline version: _aFriend, Mark A., author. _tFundamentals of occupational safety and health _bSeventh edition. _dLanham : Bernan Press, 2018 _z9781598889833 _w(DLC) 2018012091 |
| 906 |
_a7 _bcbc _corignew _d1 _eecip _f20 _gy-gencatlg |
||
| 942 |
_2ddc _cBK |
||